Albo d'oro del campionato italiano di basket - Statistics

Statistiche generali
  • Questo quiz è stato fatto 131 volte
  • Il punteggio medio è 67 su 98
Statistiche sulle risposte
Anno Società Sponsor % Corretto
1945-46 Virtus Bologna -
91%
1946-47 Virtus Bologna -
91%
1947-48 Virtus Bologna -
91%
1948-49 Virtus Bologna -
91%
1954-55 Virtus Bologna Minganti
91%
1955-56 Virtus Bologna Minganti
91%
1975-76 Virtus Bologna Sinudyne
91%
1978-79 Virtus Bologna Sinudyne
91%
1979-80 Virtus Bologna Sinudyne
91%
1983-84 Virtus Bologna Granarolo
91%
1992-93 Virtus Bologna Knorr
91%
1993-94 Virtus Bologna Buckler Beer
91%
1994-95 Virtus Bologna Buckler Beer
91%
1997-98 Virtus Bologna Kinder
91%
2000-01 Virtus Bologna Kinder
91%
2020-21 Virtus Bologna Segafredo
91%
1941-42 Reyer Venezia -
86%
1942-43 Reyer Venezia -
86%
2016-17 Reyer Venezia Umana
86%
2018-19 Reyer Venezia Umana
86%
2014-15 Dinamo Sassari Banco di Sardegna
84%
1935-36 Olimpia Milano Borletti
83%
1936-37 Olimpia Milano Borletti
83%
1937-38 Olimpia Milano Borletti
83%
1938-39 Olimpia Milano Borletti
83%
1949-50 Olimpia Milano Borletti
83%
1950-51 Olimpia Milano Borletti
83%
1951-52 Olimpia Milano Borletti
83%
1952-53 Olimpia Milano Borletti
83%
1953-54 Olimpia Milano Borletti
83%
1956-57 Olimpia Milano Simmenthal
83%
1957-58 Olimpia Milano Simmenthal
83%
1958-59 Olimpia Milano Simmenthal
83%
1959-60 Olimpia Milano Simmenthal
83%
1961-62 Olimpia Milano Simmenthal
83%
1962-63 Olimpia Milano Simmenthal
83%
1964-65 Olimpia Milano Simmenthal
83%
1965-66 Olimpia Milano Simmenthal
83%
1966-67 Olimpia Milano Simmenthal
83%
1971-72 Olimpia Milano Simmenthal
83%
1981-82 Olimpia Milano Billy
83%
1984-85 Olimpia Milano Simac
83%
1985-86 Olimpia Milano Simac
83%
1986-87 Olimpia Milano Tracer
83%
1988-89 Olimpia Milano Philips
83%
1995-96 Olimpia Milano Stefanel
83%
2013-14 Olimpia Milano EA7 Emporio Armani
83%
2015-16 Olimpia Milano EA7 Emporio Armani
83%
2017-18 Olimpia Milano EA7 Emporio Armani
83%
2021-22 Olimpia Milano EA7 Emporio Armani
83%
2022-23 Olimpia Milano EA7 Emporio Armani
83%
2003-04 Mens Sana Siena Montepaschi
81%
2006-07 Mens Sana Siena Montepaschi
81%
2007-08 Mens Sana Siena Montepaschi
81%
2008-09 Mens Sana Siena Montepaschi
81%
2009-10 Mens Sana Siena Montepaschi
81%
2010-11 Mens Sana Siena Montepaschi
81%
1991-92 Pallacanestro Treviso Benetton
76%
1996-97 Pallacanestro Treviso Benetton
76%
2001-02 Pallacanestro Treviso Benetton
76%
2002-03 Pallacanestro Treviso Benetton
76%
2005-06 Pallacanestro Treviso Benetton
76%
1999-2000 Fortitudo Bologna Paf
73%
2004-05 Fortitudo Bologna Climamio
73%
1960-61 Pallacanestro Varese Ignis
70%
1963-64 Pallacanestro Varese Ignis
70%
1968-69 Pallacanestro Varese Ignis
70%
1969-70 Pallacanestro Varese Ignis
70%
1970-71 Pallacanestro Varese Ignis
70%
1972-73 Pallacanestro Varese Ignis
70%
1973-74 Pallacanestro Varese Ignis
70%
1976-77 Pallacanestro Varese Mobilgirgi
70%
1977-78 Pallacanestro Varese Mobilgirgi
70%
1998-99 Pallacanestro Varese Roosters
70%
1935 Ginnastica Roma -
67%
1967-68 Pallacanestro Cantù Oransoda
59%
1974-75 Pallacanestro Cantù Forst
59%
1980-81 Pallacanestro Cantù Squibb
59%
1987-88 Victoria Libertas Pesaro Scavolini
57%
1989-90 Victoria Libertas Pesaro Scavolini
57%
1990-91 Juve Caserta Phonola
38%
1930 Ginnastica Triestina -
37%
1932 Ginnastica Triestina -
37%
1934 Ginnastica Triestina -
37%
1939-40 Ginnastica Triestina Borletti
37%
1940-41 Ginnastica Triestina -
37%
1982-83 Virtus Roma Banco
21%
1928 Ginnastica Roma -
6%
1931 Ginnastica Roma -
6%
1933 Ginnastica Roma -
6%
1923 Internazionale Milano -
5%
1921 ASSI Milano -
4%
1922 ASSI Milano -
4%
1924 ASSI Milano -
4%
1925 ASSI Milano -
4%
1926 ASSI Milano -
4%
1927 ASSI Milano -
4%
1920 SEF Costanza Milano -
2%
Nessun quiz corrispondente trovato
Distribuzione punteggi
Percentuale di utenti per punteggio
Percentile per numero di risposta
I tuoi punteggi nel tempo
Non hai fatto questo quiz